Medzikultúrne poznávanie - kultúrne dimenzie

Saved in:
Bibliographic Details
Main Author: Ďurigová, Natália, 1973-
Format: Book Chapter
Language:Slovak
Tags: Add Tag
No Tags, Be the first to tag this record!

MARC

LEADER 00000naa$a2200000$$$4500
001 0216179
005 20240502073614.0
041 0 |a slo 
044 |a SK 
245 1 0 |a Medzikultúrne poznávanie - kultúrne dimenzie  |c Natália Ďurigová 
100 1 |a Ďurigová, Natália, 1973-